00617nam a2200169 i 450000100060000000300090000600500170001500700030003200800410003524500830007626000310015930000280019071000570021885200330027599900170030895201220032583146ES-MaACL20230906174802.0t|041115s1977 sp ||||1| spa d00aPanorámica demográfica b: anexos / cInstituto Nacional de Estadística. aMadrid : b[s.n.], c1977. a2 v. : bil. ; c27 cm.2 aInstituto Nacional de Estadística (España)95162 aES-MaACLjA-7537-8 bR.96760 c83146d83146 00104070aATENEOMbATENEOMcSPP1d2008-01-17eSCl0oA-7537-8p1086888r2023-02-23 00:00:00w2023-02-23yMONOGRAFIA